[Event "ch-FRA Blitz Online Qual"]
[Site "Europe-Chess INT"]
[Date "2020.05.16"]
[Round "2"]
[White "Meyssirel, Tom"]
[Black "Kvashyna, Tetyana"]
[Result "1/2-1/2"]
[WhiteElo "1333"]
[BlackElo "1764"]
[WhiteFideId "45197245"]
[BlackFideId "641510"]
[EventDate "2020.05.16"]

1. c4 e6 2. Nc3 d5 3. cxd5 exd5 4. d4 c6 5. g3 Nf6 6. Bg5 Be7 7. Bg2 Bf5 8. Nf3
Nbd7 9. O-O h6 10. Bxf6 Nxf6 11. e3 O-O 12. h3 Qc8 13. Kh2 Ne4 14. Rc1 Nxc3 15.
bxc3 Bg6 16. c4 dxc4 17. Rxc4 Qe6 18. Ne5 Bh7 19. Qb3 Rab8 20. Re1 Rfc8 21. Rcc1
Qxb3 22. axb3 Bb4 23. Red1 Rc7 24. e4 f6 25. Nd3 Ba3 26. Ra1 Bf8 27. Rxa7 Rd8
28. Nf4 Re7 29. Raa1 g5 30. Nh5 f5 31. exf5 Bxf5 32. Nf6+ Kf7 33. Ng4 h5 34. Ne3
Bh7 35. d5 cxd5 36. Rxd5 Rde8 37. Rd2 Bg8 38. Bd5+ Kg7 39. Nf5+ Kf6 40. Nxe7
Bxe7 41. Bxg8 Rxg8 42. Ra7 Rb8 43. Rd7 Bc5 44. Raxb7 Rc8 45. Rbc7 Rxc7 46. Rxc7
Bxf2 47. b4 Ke6 48. Rh7 h4 49. gxh4 gxh4 50. Rxh4 Bxh4 51. Kg2 Kd5 52. Kf3 Kc4
53. Kg4 Bd8 54. h4 Kxb4 55. h5 Bf6 56. Kf5 Ba1 57. Kg6 Kc5 58. h6 Kd6 59. h7 Ke7
60. h8=Q Bxh8 1/2-1/2

[Event "ch-FRA Blitz Online Qual"]
[Site "Europe-Chess INT"]
[Date "2020.05.16"]
[Round "2"]
[White "Gabino, Karl"]
[Black "Sere, Nicolas"]
[Result "0-1"]
[WhiteElo "1331"]
[BlackElo "1753"]
[WhiteFideId "45135886"]
[BlackFideId "36014320"]
[EventDate "2020.05.16"]

1. e4 c5 2. Nf3 e6 3. d4 cxd4 4. Nxd4 Nf6 5. Nc3 Nc6 6. f4 Bb4 7. Nxc6 bxc6 8.
Qf3 O-O 9. Bd2 d5 10. exd5 exd5 11. O-O-O Qa5 12. a3 Be7 13. h3 Rb8 14. Ne2 Qb6
15. Bc3 Ne4 16. Nd4 Nxc3 17. Qxc3 c5 18. Nb3 d4 19. Qd3 Be6 20. Qa6 Bxb3 21.
Qxb6 Rxb6 22. cxb3 Rxb3 23. Bc4 Rb6 24. Rhe1 Bf6 25. b3 a5 26. g4 g6 27. f5 Rfb8
28. Re7 Bxe7 0-1

[Event "ch-FRA Blitz Online Qual"]
[Site "Europe-Chess INT"]
[Date "2020.05.16"]
[Round "2"]
[White "Langer, Franck"]
[Black "Schrefheere, Anthime"]
[Result "0-1"]
[WhiteElo "1327"]
[BlackElo "1750"]
[WhiteFideId "45175063"]
[BlackFideId "657646"]
[EventDate "2020.05.16"]

1. d4 Nf6 2. c4 g6 3. Nc3 d5 4. Nf3 Bg7 5. Qb3 c6 6. cxd5 Nxd5 7. Nxd5 Qxd5 8.
Qxd5 cxd5 9. Bf4 Nc6 10. e3 O-O 11. a3 Bf5 12. Bb5 Na5 13. O-O a6 14. Ba4 b5 15.
Bd1 Rac8 16. a4 Nc4 17. axb5 axb5 18. b3 Nb2 19. Be2 Bd3 20. Bxd3 Nxd3 21. Bg3
Rc3 22. Rab1 Rfc8 23. Ne1 Nc1 24. Nf3 Nxb3 25. Ne5 Bxe5 26. Bxe5 f6 0-1

[Event "ch-FRA Blitz Online Qual"]
[Site "Europe-Chess INT"]
[Date "2020.05.16"]
[Round "2"]
[White "Bourgeois, Ludovic"]
[Black "Gouja, Wissem"]
[Result "0-1"]
[WhiteElo "1748"]
[BlackElo "1346"]
[WhiteFideId "690678"]
[BlackFideId "551013800"]
[EventDate "2020.05.16"]

1. d4 Nf6 2. Nf3 g6 3. e3 Bg7 4. Be2 O-O 5. O-O d5 6. Nbd2 c6 7. c3 Bf5 8. h4
Nbd7 9. Ng5 h6 10. Ngf3 Ne4 11. Nxe4 Bxe4 12. Nd2 Bf5 13. g4 Be4 14. Nxe4 dxe4
15. Qc2 e5 16. Qxe4 Qxh4 17. Qg2 Rfe8 18. Bc4 Nf6 19. Be2 exd4 20. cxd4 Nd5 21.
e4 Bxd4 22. exd5 Rxe2 23. Qf3 Rae8 24. Bf4 R2e4 25. Bg3 Qxg4 26. Qxg4 Rxg4 27.
Rae1 Rxg3+ 28. Kh2 Rxe1 29. Rxe1 Rg5 30. Re8+ Kg7 31. d6 Rd5 32. Rd8 Be5+ 33.
Kg2 Rxd6 34. Rxd6 Bxd6 35. Kf3 Kf6 36. Ke4 Ke6 37. f3 h5 38. b3 h4 39. Ke3 h3
40. Kf2 Kf5 41. a4 h2 42. Kg2 a5 43. b4 axb4 44. a5 b3 45. a6 bxa6 46. f4 Bxf4
47. Kh1 b2 48. Kg2 h1=Q+ 0-1

[Event "ch-FRA Blitz Online Qual"]
[Site "Europe-Chess INT"]
[Date "2020.05.16"]
[Round "2"]
[White "Plaidit, Hugo"]
[Black "Herbin, Alexandre"]
[Result "0-1"]
[WhiteElo "1319"]
[BlackElo "1869"]
[WhiteFideId "551003066"]
[BlackFideId "36047783"]
[EventDate "2020.05.16"]

1. e4 c5 2. Nf3 Nc6 3. Bb5 g6 4. Bxc6 dxc6 5. h3 e5 6. Nxe5 Qd4 7. Nf3 Qxe4+ 8.
Qe2 Qxe2+ 9. Kxe2 Bg7 10. d3 Ne7 11. Re1 O-O 12. Nc3 Nd5 13. Nxd5 cxd5 14. c3
Re8+ 15. Kf1 Bf5 16. Rd1 h6 17. g4 Bd7 18. Bf4 Bc6 19. d4 b6 20. Be3 c4 21. Bf4
Bd7 22. Kg2 Re4 23. Re1 Rae8 24. Bg3 h5 25. gxh5 gxh5 26. Rxe4 Rxe4 27. Re1 Rxe1
28. Nxe1 Bh6 29. b3 cxb3 30. axb3 Bd2 31. Nf3 Bxc3 32. Bb8 a6 33. Ne5 Be6 34.
Nf3 Kg7 35. Be5+ f6 36. Bc7 Kg6 37. Bxb6 Bd7 38. Bc5 Bb5 39. Be7 Bd3 40. Bc5 a5
41. Nh4+ Kf7 42. Nf5 Bc2 43. Ne3 Bxb3 44. Ba3 Bb4 45. Bxb4 axb4 46. Kf1 Bc4+ 47.
Ke1 b3 48. Kd2 Ke6 49. Kc3 f5 50. Nd1 f4 51. Nb2 Kf5 52. Na4 Ke4 53. Nc5+ Kf3
54. Nxb3 Bxb3 55. Kxb3 Kxf2 56. Kb4 Ke3 57. Kc5 f3 58. Kxd5 f2 59. Ke5 f1=Q 60.
d5 Qxh3 61. d6 Qd7 62. Kd5 h4 63. Kc5 h3 64. Kd5 h2 65. Kc5 h1=Q 66. Kb6 Qb1+
67. Kc5 Qbb5# 0-1

[Event "ch-FRA Blitz Online Qual"]
[Site "Europe-Chess INT"]
[Date "2020.05.16"]
[Round "2"]
[White "Le Bail, Stephane"]
[Black "Lambert Hoareau, Guillaume"]
[Result "1-0"]
[WhiteElo "1746"]
[BlackElo "1348"]
[WhiteFideId "655368"]
[BlackFideId "45172323"]
[EventDate "2020.05.16"]

1. d4 b6 2. Bf4 Bb7 3. e3 Nf6 4. Nf3 e6 5. Be2 Be7 6. O-O O-O 7. h3 Nc6 8. Nbd2
h6 9. c4 Na5 10. b3 c5 11. dxc5 Bxc5 12. a3 Nc6 13. b4 Be7 14. Nb3 a5 15. b5 Na7
16. a4 Ne4 17. Nfd2 Nc3 18. Qe1 Nc8 19. Nf3 Bxf3 20. Bxf3 Nxa4 21. Bxa8 Bd6 22.
Bxd6 Nxd6 1-0

[Event "ch-FRA Blitz Online Qual"]
[Site "Europe-Chess INT"]
[Date "2020.05.16"]
[Round "2"]
[White "Courcelle, Victor"]
[Black "Sylvestre-Baron, Laurent"]
[Result "1/2-1/2"]
[WhiteElo "1314"]
[BlackElo "1728"]
[WhiteFideId "45177392"]
[BlackFideId "20698585"]
[EventDate "2020.05.16"]

1. c4 Nf6 2. Nc3 g6 3. Nf3 Bg7 4. e3 O-O 5. Be2 d5 6. cxd5 Nxd5 7. d4 c5 8. O-O
cxd4 9. Nxd4 Nxc3 10. bxc3 e5 11. Nb3 Be6 12. Qxd8 Rxd8 13. Bb2 Nc6 14. Rad1 f5
15. Rxd8+ Rxd8 16. Rd1 Rxd1+ 17. Bxd1 e4 18. Bc2 Nb4 19. Bb1 Nd5 20. Nc5 Bxc3
21. Nxe6 Bxb2 22. Nc5 Nc3 23. Bc2 b6 24. Nd7 Nxa2 25. Bb3+ Kg7 26. Bxa2 b5 27.
Nc5 a5 28. Bb3 a4 29. Nxa4 bxa4 30. Bxa4 Kf6 31. h3 Ke5 32. Kf1 g5 33. Bb5 f4
34. exf4+ gxf4 35. g3 fxg3 36. fxg3 Kd4 37. g4 Ke3 38. h4 Kf3 39. Bc6 Kf4 40. g5
e3 41. Ke2 Bd4 42. Bf3 Bc5 43. g6 hxg6 44. h5 g5 45. h6 Bf8 46. h7 Bg7 47. Bh5
g4 48. Bxg4 Kxg4 49. Kxe3 Kg5 50. Ke4 Kh6 51. h8=Q+ Bxh8 1/2-1/2

[Event "ch-FRA Blitz Online Qual"]
[Site "Europe-Chess INT"]
[Date "2020.05.16"]
[Round "2"]
[White "Gheorghin, Felix"]
[Black "Levy, Kevin"]
[Result "0-1"]
[WhiteElo "1310"]
[BlackElo "1740"]
[WhiteFideId "651027240"]
[BlackFideId "45128588"]
[EventDate "2020.05.16"]

1. e4 Nf6 2. e5 Nd5 3. Bc4 Nb6 4. Bb3 d6 5. exd6 exd6 6. d4 Be7 7. Be3 O-O 8.
Nf3 Nc6 9. O-O Bg4 10. Nbd2 d5 11. h3 Bh5 12. c3 Bd6 13. Bc2 Qd7 14. Bxh7+ Kh8
15. Bd3 Ne7 16. Qc2 Rae8 17. Rfe1 Bg6 18. Bxg6 Nxg6 19. Nf1 Nc4 20. N3d2 Nxe3
21. Rxe3 c6 22. Rae1 Rxe3 23. Rxe3 Bb8 0-1

[Event "ch-FRA Blitz Online Qual"]
[Site "Europe-Chess INT"]
[Date "2020.05.16"]
[Round "2"]
[White "Randrianarimanana, Alicia"]
[Black "Guigay, Joel"]
[Result "1-0"]
[WhiteElo "1971"]
[BlackElo "1315"]
[WhiteFideId "36034738"]
[BlackFideId "45174016"]
[EventDate "2020.05.16"]

1. d4 d5 2. c4 e6 3. Nc3 Nf6 4. cxd5 exd5 5. Bg5 Be7 6. e3 c6 7. Bd3 Nbd7 8. Qc2
a6 9. Nge2 h6 10. Bh4 Qc7 11. O-O b5 12. f3 Bb7 13. e4 b4 14. Na4 dxe4 15. fxe4
O-O 16. Rae1 Rac8 17. Bg3 Qd8 18. b3 Re8 19. Nb2 c5 20. d5 Nf8 21. Nc4 Ng6 22.
d6 Bf8 23. e5 Nd7 24. Bxg6 fxg6 25. Qxg6 Qg5 26. Qxg5 hxg5 27. Nc1 Bd5 28. Nd3
Kh7 29. Rf5 Kg6 30. Ref1 Be4 31. Rxf8 Rxf8 32. Rxf8 Rxf8 33. e6 Bxd3 34. Ne3 Nf6
35. d7 Bb5 36. e7 Bxd7 37. exf8=Q Bb5 38. h3 Ne4 39. Kh2 Nxg3 40. Kxg3 Bd3 41.
Qd6+ Kh7 42. Qxd3+ g6 43. Qxa6 Kh6 44. Ng4+ Kh5 45. Ne5 g4 46. Qxg6# 1-0

[Event "ch-FRA Blitz Online Qual"]
[Site "Europe-Chess INT"]
[Date "2020.05.16"]
[Round "2"]
[White "Anas, Jacques"]
[Black "Billot, Daniel"]
[Result "0-1"]
[WhiteElo "1304"]
[BlackElo "1679"]
[WhiteFideId "36094552"]
[BlackFideId "618004"]
[EventDate "2020.05.16"]

1. d4 Nf6 2. e3 c5 3. dxc5 e5 4. Bd3 Bxc5 5. Nc3 d5 6. Nge2 O-O 7. O-O Bg4 8. f3
Bh5 9. Kh1 e4 10. fxe4 dxe4 11. Bc4 Qxd1 12. Rxd1 Re8 13. Ng3 Bxd1 14. Nxd1 Nc6
15. Nf2 Rad8 16. Bd2 Rxd2 17. Nfxe4 Nxe4 18. Nxe4 Rxe4 19. Rf1 Rxc4 20. c3 Rxb2
21. Rf4 Rb1+ 0-1

[Event "ch-FRA Blitz Online Qual"]
[Site "Europe-Chess INT"]
[Date "2020.05.16"]
[Round "2"]
[White "Berger, Justin"]
[Black "Vidoni, Salma"]
[Result "0-1"]
[WhiteElo "1735"]
[BlackElo "1309"]
[WhiteFideId "45115095"]
[BlackFideId "45107556"]
[EventDate "2020.05.16"]

1. e4 c5 2. Nf3 Nc6 3. d4 cxd4 4. Nxd4 g6 5. c4 Bg7 6. Be3 Nf6 7. Nc3 O-O 8. Be2
d6 9. O-O e5 10. Ndb5 a6 11. Na3 Be6 12. Nc2 Qd7 13. f3 Rad8 14. Nd5 Bxd5 15.
exd5 Ne7 16. Bd3 Nf5 17. Bxf5 Qxf5 18. Qd2 e4 19. Nd4 Qe5 20. Bf4 Qe7 21. Rae1
Rde8 22. Bg5 Qe5 23. Bf4 Qe7 24. Bg5 Qe5 25. Bxf6 Bxf6 26. Rxe4 Qh5 27. Rfe1
Rxe4 28. Rxe4 Bg7 29. b4 b6 30. Qf4 Rd8 31. Nc6 Rd7 32. Re8+ Bf8 33. g4 Qh3 34.
Qg3 Qh6 35. f4 Qg7 36. Qe3 Qa1+ 37. Kg2 Qxa2+ 38. Kh3 Qxc4 39. Ne7+ Kg7 40. g5
Bxe7 41. Rxe7 Qxd5 42. Qc3+ Kf8 43. Rxd7 Qf5+ 44. Kg3 Qxd7 45. Qh8+ Ke7 46. Qf6+
Kf8 47. Qh8+ Ke7 48. Qf6+ Ke8 49. Qd4 Qe6 50. Qh8+ Ke7 51. Qa8 Qb3+ 52. Kh4 Qxb4
53. Qb7+ Ke6 54. Qc8+ Ke7 55. Qc7+ Ke6 56. Qc8+ Kd5 57. Qb7+ Kc5 58. Qc7+ Kd4
59. Qc1 Ke4 60. Kg4 d5 61. Qc2+ Ke3 62. Qc1+ Qd2 63. Qa3+ Qd3 64. Qc1+ Ke4 65.
Qe1+ Qe3 66. Qb4+ d4 67. Qe7+ Kd3 68. Qa3+ Ke2 69. Qb2+ Qd2 70. Qxb6 d3 71. Qxa6
Qe3 72. Qa2+ d2 73. Qa6+ Ke1 74. Qa1+ d1=Q+ 0-1

[Event "ch-FRA Blitz Online Qual"]
[Site "Europe-Chess INT"]
[Date "2020.05.16"]
[Round "2"]
[White "Barraud, Mickael"]
[Black "Thibous, Mathis"]
[Result "0-1"]
[WhiteElo "1733"]
[BlackElo "1313"]
[WhiteFideId "696137"]
[BlackFideId "45163014"]
[EventDate "2020.05.16"]

1. e4 c5 2. Nc3 a6 3. g3 b5 4. Bg2 Bb7 5. f4 e6 6. d3 Nf6 7. Nh3 Be7 8. O-O d5
9. e5 Nfd7 10. Ne2 Nc6 11. c3 c4 12. d4 a5 13. Be3 Qb6 14. b3 h6 15. bxc4 bxc4
16. Rb1 Qc7 17. Qc2 a4 18. Nf2 a3 19. f5 Nb6 20. fxe6 fxe6 21. Ng4 Kd7 22. Rf7
Na4 23. Rbf1 Rhf8 24. Rxg7 Rxf1+ 25. Bxf1 Nb2 26. Bc1 Nd3 27. Nf4 Nxc1 28. Qxc1
Qb6 29. Ne3 Qb2 30. Ne2 Qxa2 31. Nc2 Qb2 32. Na1 Na5 33. Rf7 Nb3 34. Nxb3 cxb3
35. Rf2 Qxc1 36. Nxc1 b2 37. Rxb2 axb2 38. Ne2 b1=Q 39. Kg2 Ra1 0-1

[Event "ch-FRA Blitz Online Qual"]
[Site "Europe-Chess INT"]
[Date "2020.05.16"]
[Round "2"]
[White "Coutton, Aurelien"]
[Black "Duvert, Francois"]
[Result "0-1"]
[WhiteElo "1211"]
[BlackElo "1729"]
[WhiteFideId "45121443"]
[BlackFideId "36072877"]
[EventDate "2020.05.16"]

1. d4 d5 2. c4 Nc6 3. cxd5 Qxd5 4. Nf3 e5 5. dxe5 Qxd1+ 6. Kxd1 Bf5 7. Nc3
O-O-O+ 8. Ke1 Nb4 9. e4 Bg6 10. Bg5 Be7 11. Bxe7 Nxe7 12. Rc1 Nd3+ 13. Kd2 Nxf2+
14. Ke3 Nxh1 15. g3 Rhe8 16. Bh3+ Kb8 17. Rxh1 Nc6 18. Nd5 Nxe5 19. Nxe5 Rxe5
20. Rc1 Rdxd5 0-1

[Event "ch-FRA Blitz Online Qual"]
[Site "Europe-Chess INT"]
[Date "2020.05.16"]
[Round "2"]
[White "Hegedus, Pascal"]
[Black "Garde, Guillaume"]
[Result "0-1"]
[WhiteElo "1283"]
[BlackElo "1716"]
[WhiteFideId "20604289"]
[BlackFideId "45138273"]
[EventDate "2020.05.16"]

1. e4 e6 2. Nf3 d5 3. e5 c5 4. d4 cxd4 5. Nxd4 Nc6 6. c3 Nxe5 7. Bb5+ Bd7 8.
Bxd7+ Qxd7 9. O-O Nf6 10. Na3 Bxa3 11. bxa3 O-O 12. a4 Rac8 13. Bd2 Nc4 14. Nb5
a6 15. Nd4 Nxd2 16. Qxd2 Ne4 17. Qb2 Nxc3 18. a5 Qa4 19. h3 Qxd4 20. Qxb7 Ne2+
21. Kh1 Qc4 22. Rfe1 Nd4 23. Qb2 Qd3 24. Re5 Rc2 25. Qb4 Nc6 26. Qf4 Nxe5 27.
Qxe5 Qe2 28. Qf4 Qxf2 29. Qxf2 Rxf2 30. Kg1 Rb2 31. a4 Rfb8 0-1

[Event "ch-FRA Blitz Online Qual"]
[Site "Europe-Chess INT"]
[Date "2020.05.16"]
[Round "2"]
[White "Langer, Karele"]
[Black "Villevieille, Lucas"]
[Result "0-1"]
[WhiteElo "1282"]
[BlackElo "1713"]
[WhiteFideId "551017938"]
[BlackFideId "36022349"]
[EventDate "2020.05.16"]

1. d4 Nf6 2. c4 g6 3. Nc3 Bg7 4. h3 d6 5. Bf4 O-O 6. e3 Nbd7 7. e4 e5 8. dxe5
dxe5 9. Bh2 b6 10. Nf3 Bb7 11. Bd3 Nc5 12. Bc2 Nfxe4 13. Nxe4 Nxe4 14. Nxe5 Re8
15. f4 Qh4+ 16. Ke2 Qf2+ 17. Kd3 Rad8+ 18. Nd7 Rxd7# 0-1

[Event "ch-FRA Blitz Online Qual"]
[Site "Europe-Chess INT"]
[Date "2020.05.16"]
[Round "2"]
[White "Dincov, Ioan"]
[Black "Perolini, Cedric"]
[Result "1-0"]
[WhiteElo "1549"]
[BlackElo "1706"]
[WhiteFideId "45118612"]
[BlackFideId "20692773"]
[EventDate "2020.05.16"]

1. e4 e5 2. Nf3 Nc6 3. d4 exd4 4. Nxd4 Qf6 5. Be3 Bc5 6. c3 d6 7. g3 Nge7 8. Bg2
Bd7 9. Na3 a6 10. Nac2 O-O 11. O-O Rfe8 12. Re1 Ng6 13. Nxc6 Bxc6 14. Bxc5 dxc5
15. Qg4 Ne5 16. Qh5 g6 17. Qh6 Ng4 18. Qh3 Bd7 19. f4 Rad8 20. f5 gxf5 21. exf5
Bxf5 22. Rxe8+ Rxe8 23. Rf1 Ne3 24. Nxe3 Bxh3 25. Rxf6 Rxe3 26. Bxh3 Re2 27. Rf2
Re1+ 28. Kg2 b5 29. Bf5 a5 30. Rd2 Re7 31. Rd7 Re5 32. Bd3 c4 33. Bf1 c5 34. Ra7
Rd5 35. Kf2 Rd2+ 36. Be2 Rxb2 37. Rxa5 Kg7 38. a4 b4 39. cxb4 c3 40. Rxc5 c2 41.
b5 Kf6 42. b6 Ke7 43. a5 Kd6 44. Rc3 f5 45. Kf3 Rb3 46. Rxb3 c1=Q 47. b7 Qh1+
48. Ke3 Qe4+ 49. Kd2 Qa4 50. b8=Q+ Kd5 51. Qb5+ Qxb5 52. Rxb5+ Kc6 53. a6 1-0

[Event "ch-FRA Blitz Online Qual"]
[Site "Europe-Chess INT"]
[Date "2020.05.16"]
[Round "2"]
[White "Gauthier, Laurent2"]
[Black "Hwang, Daniel"]
[Result "1-0"]
[WhiteElo "1704"]
[BlackElo "1557"]
[WhiteFideId "676810"]
[BlackFideId "45136890"]
[EventDate "2020.05.16"]

1. e4 e5 2. Nf3 Nc6 3. d4 exd4 4. c3 Bc5 5. cxd4 Bb6 6. Nc3 d6 7. h3 Nf6 8. Be3
O-O 9. Bd3 Re8 10. O-O h6 11. Re1 Ne7 12. Qc2 c6 13. Rad1 d5 14. e5 Nd7 15. Qd2
Qc7 16. Bxh6 c5 17. Be3 cxd4 18. Nxd4 1-0

[Event "ch-FRA Blitz Online Qual"]
[Site "Europe-Chess INT"]
[Date "2020.05.16"]
[Round "2"]
[White "Fraile, Lucas"]
[Black "Rapaire, Jean-Michel"]
[Result "1-0"]
[WhiteElo "1276"]
[BlackElo "1742"]
[WhiteFideId "45146322"]
[BlackFideId "5400023"]
[EventDate "2020.05.16"]

1. e4 c5 2. Nc3 d6 3. g3 Nf6 4. Bg2 g6 5. f4 Bg7 6. d3 e6 7. Nh3 O-O 8. O-O Nc6
9. Nf2 a6 10. a4 Qc7 11. Ng4 Nxg4 12. Qxg4 e5 13. f5 Nd4 14. Rf2 gxf5 15. exf5
f6 16. Nd5 Kh8 17. Nxc7 Rb8 18. c3 Nc6 19. Ne6 Rf7 20. Nxg7 Rxg7 21. Qe2 Ne7 22.
Bh6 Rg8 23. Raf1 b5 24. axb5 axb5 25. Qh5 b4 26. Qf7 Rb7 27. Qxf6+ 1-0

[Event "ch-FRA Blitz Online Qual"]
[Site "Europe-Chess INT"]
[Date "2020.05.16"]
[Round "2"]
[White "Akopian, Edwin"]
[Black "Naillou, Jean-Marc"]
[Result "1-0"]
[WhiteElo "1706"]
[BlackElo "1449"]
[WhiteFideId "36068357"]
[BlackFideId "36047724"]
[EventDate "2020.05.16"]

1. d4 Nf6 2. c4 e6 3. Nf3 d5 4. Nc3 c5 5. cxd5 exd5 6. Bg5 Be7 7. g3 O-O 8. Bg2
b6 9. dxc5 bxc5 10. Bxf6 Bxf6 11. Nxd5 Bxb2 12. Rb1 Qa5+ 13. Nd2 Bc3 14. Nxc3
Qxc3 15. Bxa8 1-0

[Event "ch-FRA Blitz Online Qual"]
[Site "Europe-Chess INT"]
[Date "2020.05.16"]
[Round "2"]
[White "Noyelles, Benoit"]
[Black "Capton, Rafael"]
[Result "0-1"]
[WhiteElo "1272"]
[BlackElo "1737"]
[WhiteFideId "551061350"]
[BlackFideId "36084778"]
[EventDate "2020.05.16"]

1. e4 e5 2. Nf3 Nc6 3. Bb5 a6 4. Ba4 Nf6 5. O-O b5 6. Bb3 Be7 7. Re1 O-O 8. c3
d5 9. exd5 Nxd5 10. d4 exd4 11. cxd4 Bb7 12. a3 Bf6 13. Ne5 Nxe5 14. dxe5 Be7
15. Nd2 Bc5 16. Nf3 c6 17. e6 fxe6 18. Rxe6 Qb6 19. Re2 Rae8 20. Qf1 Rxe2 21.
Qxe2 Bc8 22. Bg5 Bg4 23. Bh4 Bxf3 24. gxf3 h6 25. Bg3 Kh8 26. Bc2 Qd8 27. Rd1
Qf6 28. Be5 Qxf3 29. Qxf3 Rxf3 30. Bg3 g5 31. Re1 Kg8 32. Re8+ Kf7 33. Rh8 Nf4
34. Bxf4 Rxf4 35. Rxh6 Bxf2+ 36. Kg2 Bd4 37. Rh7+ Kg8 38. Ra7 Rf2+ 39. Kg3 Rxc2
40. Rxa6 Rxb2 41. Rxc6 Rb3+ 42. Kg4 Be3 43. Kf5 Rxa3 44. Rc8+ Kf7 45. Rc7+ Ke8
46. Ke6 Kd8 47. Rh7 Ra6+ 48. Kd5 b4 49. Kc4 Rb6 50. Rh8+ Ke7 51. Rh7+ Kf8 52.
Ra7 b3 53. Ra1 b2 54. Rb1 Bc1 55. Kc5 Rf6 56. Kd5 Rf1 57. Ke5 Kg7 58. h3 Kg6 59.
Ke4 Rg1 60. Kf3 Kh5 61. Kf2 Be3+ 62. Kxe3 Rxb1 63. Kf3 Rc1 64. Kg2 b1=Q 65. Kg3
Qb3+ 66. Kh2 Rc2+ 67. Kg1 Qb1# 0-1

[Event "ch-FRA Blitz Online Qual"]
[Site "Europe-Chess INT"]
[Date "2020.05.16"]
[Round "2"]
[White "Genot, Jean-Paul"]
[Black "Nomel, Mathis"]
[Result "0-1"]
[WhiteElo "1673"]
[BlackElo "1262"]
[WhiteFideId "45150940"]
[BlackFideId "36054399"]
[EventDate "2020.05.16"]

1. e4 c5 2. Nc3 d6 3. f4 Nf6 4. Nf3 Nc6 5. Bb5 e6 6. O-O Be7 7. d3 O-O 8. Bd2 a6
9. Bxc6 bxc6 10. Qe1 Qb6 11. Rb1 c4+ 12. Kh1 cxd3 13. cxd3 c5 14. Qh4 Qc7 15.
Qf2 Bb7 16. h3 Rad8 17. g4 d5 18. e5 Nd7 19. Kh2 d4 20. Ne4 Bxe4 21. dxe4 Nb6
22. b3 c4 23. Ba5 Rb8 24. Rbc1 Qb7 25. Qxd4 Rfd8 26. Qc3 Rdc8 27. Qe3 cxb3 28.
axb3 Nd7 29. Rxc8+ Rxc8 30. Rb1 Rc2+ 31. Nd2 Bc5 32. Qd3 Ra2 33. b4 Bxb4 34.
Bxb4 a5 35. Bxa5 Qxb1 36. Qxb1 Rxd2+ 37. Kg3 Rd3+ 38. Kh4 g5+ 39. Kxg5 Rxh3 40.
Qb5 h6# 0-1

[Event "ch-FRA Blitz Online Qual"]
[Site "Europe-Chess INT"]
[Date "2020.05.16"]
[Round "2"]
[White "Citores, Mathis"]
[Black "Azizyan, Rafayel"]
[Result "0-1"]
[WhiteElo "1288"]
[BlackElo "1667"]
[WhiteFideId "45148350"]
[BlackFideId "651016931"]
[EventDate "2020.05.16"]

1. e4 e6 2. d4 d5 3. Nc3 Bb4 4. Bd2 dxe4 5. Nxe4 Bxd2+ 6. Nxd2 Nf6 7. Bd3 Bd7 8.
Ngf3 Bc6 9. O-O Nbd7 10. c4 O-O 11. Qc2 h6 12. Ne5 Nxe5 13. dxe5 Ng4 14. Bh7+
Kh8 15. Be4 Nxe5 16. f4 Qd4+ 17. Kh1 Bxe4 18. Nxe4 Qxc4 19. Qxc4 Nxc4 20. b3 Nb6
21. f5 e5 22. f6 g6 23. Rf3 c6 24. Rh3 Kh7 25. Ng5+ Kg8 26. Rxh6 Nd5 27. Re1
Nxf6 28. Rxe5 Kg7 29. Rh3 Rfe8 30. Rxe8 Rxe8 31. g3 Re2 32. a4 Ng4 33. Rh7+ Kf6
34. Nxf7 Rxh2+ 35. Rxh2 Nxh2 36. Kxh2 Kxf7 37. Kh3 a5 38. Kg4 Kf6 39. Kf4 b5 40.
g4 bxa4 41. bxa4 c5 42. g5+ Ke6 43. Ke4 Kd6 44. Kd3 Kd5 45. Kc3 c4 46. Kb2 Kc5
47. Kc3 Kd5 48. Kd2 Kd4 49. Kc2 c3 50. Kc1 Kc5 51. Kc2 Kc4 52. Kc1 Kb3 53. Kb1
Kxa4 54. Kc2 Kb4 55. Kb1 a4 56. Ka2 a3 57. Kb1 Kb3 58. Ka1 Kc2 59. Ka2 Kd2 60.
Kxa3 c2 61. Kb4 c1=Q 62. Kb3 Qc3+ 63. Ka4 Qb2 64. Ka5 Kc3 65. Ka6 Kc4 66. Ka7
Kc5 67. Ka8 Kc6 0-1

[Event "ch-FRA Blitz Online Qual"]
[Site "Europe-Chess INT"]
[Date "2020.05.16"]
[Round "2"]
[White "Rafalimanana, Hary"]
[Black "Rajaobelina, Hery"]
[Result "0-1"]
[WhiteElo "1238"]
[BlackElo "1592"]
[WhiteFideId "551039257"]
[BlackFideId "36054836"]
[EventDate "2020.05.16"]

1. e4 c5 2. Nc3 e6 3. f4 d6 4. Nf3 a6 5. a4 Qc7 6. Bc4 b6 7. O-O Nf6 8. e5 dxe5
9. fxe5 Ng4 10. Ng5 Nxe5 11. Bb3 Be7 12. Nf3 Bb7 13. Nxe5 Qxe5 14. d3 Qd4+ 15.
Kh1 O-O 16. Rf4 Qd6 17. Qg4 Nd7 18. Ne4 Bxe4 19. Rxe4 Nf6 20. Qe2 Nxe4 21. dxe4
Qe5 22. Bd2 Bd6 23. g3 Qf6 24. Bc3 Qe7 25. Rf1 f6 26. Qh5 g6 27. Qh3 Kg7 28.
Bxe6 Qxe6 29. Qxe6 Rae8 30. Qxd6 Rxe4 31. Rd1 Rfe8 32. Kg2 Re2+ 33. Kf1 Rxc2 34.
Qxf6+ Kh6 35. Rd3 Ree2 36. Rd8 Rxh2 37. Rh8 Rh1# 0-1

[Event "ch-FRA Blitz Online Qual"]
[Site "Europe-Chess INT"]
[Date "2020.05.16"]
[Round "2"]
[White "Briand, Maxime"]
[Black "Bachy, Louis"]
[Result "1-0"]
[WhiteElo "1662"]
[BlackElo "1264"]
[WhiteFideId "651016397"]
[BlackFideId "45161178"]
[EventDate "2020.05.16"]

1. c4 c5 2. Nc3 b6 3. Nf3 Bb7 4. g3 Nf6 5. Bg2 e6 6. O-O a6 7. d3 d6 8. Bg5 Nbd7
9. e4 Be7 10. a3 h6 11. Be3 d5 12. exd5 exd5 13. d4 dxc4 14. Re1 cxd4 15. Bxd4
O-O 16. Qe2 Re8 17. Qxc4 Rc8 18. Qb3 b5 19. Rad1 Qc7 20. Ne5 Bxg2 21. Qxf7+ Kh8
22. Kxg2 Nxe5 23. Rxe5 Qc6+ 24. Kg1 1-0